01321nac a22003251u 4500010001600000020001500016082001900031090001500050100003400065245007500099250001200174260008300186300003300269440005400302500001400356500003800370504005100408650005000459650004300509650005600552650004900608650004800657650003500705650004200740650002900782700002200811942002100833999001500854952012600869 a 91024486 a068306262X00a614.076bC3448 c3601d3601 a20080729 00aPreventive medicine and public health /c[edited by] Brett J. Cassens. a2nd ed. aBaltimore :bWilliams & Wilkins ;aMalvern, Pa. :bHarwal Pub. Co.,1992c1992. axv, 497 p. :bill. ;c25 cm. 4aThe National medical series for independent study aDonations aDonations-Bibliotheca Alexandrina aIncludes bibliographical references and index. 0aMedicine, PreventivexOutlines, syllabi, etc. 0aPublic healthxOutlines, syllabi, etc. 0aMedicine, PreventivexExaminations, questions, etc. 0aPublic healthxExaminations, questions, etc. 0aPreventive Medicinexexamination questions. 0aPreventive Medicinexoutlines. 0aPublic Healthxexamination questions. 0aPublic Healthxoutlines.1 aCassens, Brett J. cBBk614.076C3448 c3601d3601 00102ddc4070aMAINbMAINc1STd2007-04-30ePurchasel8m7o614.076 PREp000030315r2025-07-15 00:00:00s2023-08-07yBB